<?xml version="1.0" encoding="UTF-8"?>
<record
    xmlns:xsi="http://www.w3.org/2001/XMLSchema-instance"
    xsi:schemaLocation="http://www.loc.gov/MARC21/slim http://www.loc.gov/standards/marcxml/schema/MARC21slim.xsd"
    xmlns="http://www.loc.gov/MARC21/slim">

  <leader>00228nam a22000977a 4500</leader>
  <controlfield tag="003">SGT</controlfield>
  <datafield tag="245" ind1=" " ind2=" ">
    <subfield code="a">JDR Clinical &amp; Translation Research </subfield>
  </datafield>
  <datafield tag="260" ind1=" " ind2=" ">
    <subfield code="b">Wiley Publisher</subfield>
    <subfield code="c">2016-2018,2020</subfield>
  </datafield>
  <datafield tag="300" ind1=" " ind2=" ">
    <subfield code="a">300,410,415,410</subfield>
  </datafield>
  <datafield tag="942" ind1=" " ind2=" ">
    <subfield code="2">ddc</subfield>
    <subfield code="c">BV</subfield>
  </datafield>
  <datafield tag="952" ind1=" " ind2=" ">
    <subfield code="0">0</subfield>
    <subfield code="1">0</subfield>
    <subfield code="2">ddc</subfield>
    <subfield code="4">0</subfield>
    <subfield code="5">1</subfield>
    <subfield code="7">1</subfield>
    <subfield code="a">FD</subfield>
    <subfield code="b">FD</subfield>
    <subfield code="d">2025-03-05</subfield>
    <subfield code="h">Vol.1</subfield>
    <subfield code="i">SGTU</subfield>
    <subfield code="p">PD1054</subfield>
    <subfield code="r">2025-03-05 00:00:00</subfield>
    <subfield code="w">2025-03-05</subfield>
    <subfield code="y">BV</subfield>
  </datafield>
  <datafield tag="952" ind1=" " ind2=" ">
    <subfield code="0">0</subfield>
    <subfield code="1">0</subfield>
    <subfield code="2">ddc</subfield>
    <subfield code="4">0</subfield>
    <subfield code="5">1</subfield>
    <subfield code="7">1</subfield>
    <subfield code="a">FD</subfield>
    <subfield code="b">FD</subfield>
    <subfield code="d">2025-03-05</subfield>
    <subfield code="h">Vol.2</subfield>
    <subfield code="i">SGTU</subfield>
    <subfield code="p">PD1055</subfield>
    <subfield code="r">2025-03-05 00:00:00</subfield>
    <subfield code="w">2025-03-05</subfield>
    <subfield code="y">BV</subfield>
  </datafield>
  <datafield tag="952" ind1=" " ind2=" ">
    <subfield code="0">0</subfield>
    <subfield code="1">0</subfield>
    <subfield code="2">ddc</subfield>
    <subfield code="4">0</subfield>
    <subfield code="5">1</subfield>
    <subfield code="7">1</subfield>
    <subfield code="a">FD</subfield>
    <subfield code="b">FD</subfield>
    <subfield code="d">2025-03-05</subfield>
    <subfield code="h">Vol.3</subfield>
    <subfield code="i">SGTU</subfield>
    <subfield code="p">PD1056</subfield>
    <subfield code="r">2025-03-05 00:00:00</subfield>
    <subfield code="w">2025-03-05</subfield>
    <subfield code="y">BV</subfield>
  </datafield>
  <datafield tag="952" ind1=" " ind2=" ">
    <subfield code="0">0</subfield>
    <subfield code="1">0</subfield>
    <subfield code="2">ddc</subfield>
    <subfield code="4">0</subfield>
    <subfield code="5">1</subfield>
    <subfield code="7">1</subfield>
    <subfield code="a">FD</subfield>
    <subfield code="b">FD</subfield>
    <subfield code="d">2025-03-05</subfield>
    <subfield code="h">Vol.5</subfield>
    <subfield code="i">SGTU</subfield>
    <subfield code="p">PD1057</subfield>
    <subfield code="r">2025-03-05 00:00:00</subfield>
    <subfield code="w">2025-03-05</subfield>
    <subfield code="y">BV</subfield>
  </datafield>
  <datafield tag="999" ind1=" " ind2=" ">
    <subfield code="c">30196</subfield>
    <subfield code="d">30196</subfield>
  </datafield>
</record>
